[Event "Miranda Waraira CC op"]
[Site "Miranda"]
[Date "2022.08.27"]
[Round "2"]
[White "Valero Santander, Christian Alexander"]
[Black "Vahlis, Adolfo"]
[Result "1-0"]
[WhiteElo "1519"]
[BlackElo "1448"]
[PlyCount "57"]
[EventDate "2022.08.26"]
[EventType "swiss"]
[EventRounds "5"]
[EventCountry "VEN"]
[SourceTitle "EXT 2024"]
[Source "ChessBase"]
[SourceDate "2023.10.10"]
[SourceVersion "1"]
[SourceVersionDate "2023.10.10"]
[SourceQuality "1"]

1. e4 c5 2. f4 e6 3. c3 a6 4. Nf3 d6 5. d4 cxd4 6. cxd4 Nd7 7. Nc3 b5 8. a3 Bb7 9. Bd3 Be7 10. 0-0 Ngf6 11. e5 dxe5 12. fxe5 Nd5 13. Ne4 Qb6 14. Kh1 h6 15. b4 Qc7 16. Bd2 Rc8 17. Rc1 Qb8 18. Rxc8+ Qxc8 19. Nh4 Qc6 20. Rxf7 Kd8 21. Ng6 Rg8 22. Qg4 N7b6 23. Nxe7 Nxe7 24. Rxg7 Rf8 25. Nc5 Bc8 26. Bxh6 Nc4 27. Qh4 Qc7 28. Rxe7 Qxe7 29. Bg5 1-0